Chania International Airport Destinations (Crete, Greece) - Statistics

General Stats
  • This quiz has been taken 78 times
    38 since last reset
  • The average score is 63 of 86
Answer Stats
Airline Destination % Correct
easyJet/TUI Airways London (Gatwick)
100%
British Airways London (Heathrow)
100%
easyJet London (Luton)
100%
Jet2.com/Ryanair London (Stansted)
100%
Transavia Paris (Orly)
100%
easyJet/Transavia/TUI fly Netherlands Amsterdam
97%
Aegean Airlines/Ryanair/Sky Express Athens
97%
easyJet/Ryanair Berlin
97%
Condor/Discover Airlines/Lufthansa Frankfurt
97%
easyJet/Jet2.com/Ryanair/TUI Airways Manchester
97%
easyJet/Neos Milan (Malpensa)
97%
Norwegian Air Shuttle/Scandinavian Airlines/Sunclass Airlines/TUI fly Nordic Oslo
97%
Braathens International Airways/Norwegian Air Shuttle/Ryanair/Scandinavian Airlines/Sunclass Airlines/TUI fly Nordic Stockholm (Arlanda)
97%
Air Serbia Belgrade
93%
Norwegian Air Shuttle/Scandinavian Airlines/Sunclass Airlines/TUI fly Nordic Copenhagen
93%
Finnair/Norwegian Air Shuttle/Sunclass Airlines Helsinki
93%
Ryanair Naples
93%
Ryanair Rome (Fiumicino)
93%
Edelweiss Air Zürich
93%
Brussels Airlines/TUI fly Belgium Brussels
90%
Condor/Discover Airlines/Marabu Munich
90%
Aegean Airlines/Ryanair Thessaloniki
90%
Austrian Airlines/Ryanair/Wizz Air Vienna
90%
Animawings/Ryanair Bucharest (Otopeni)
86%
easyJet Glasgow
86%
Condor/Eurowings/Marabu Hamburg
86%
Ryanair Marseille
86%
easyJet Nice
86%
Wizz Air Warsaw (Chopin)
86%
Ryanair Warsaw (Modlin)
86%
Jet2.com/Ryanair/TUI Airways Birmingham
83%
Ryanair Dublin
83%
Condor/Eurowings Düsseldorf
83%
Braathens International Airways/Scandinavian Airlines/Sunclass Airlines/TUI fly Nordic Gothenburg
83%
Luxair Luxembourg
83%
Smartwings Prague
83%
flydubai Dubai (International)
79%
easyJet Geneva
79%
easyJet/Transavia Lyon
79%
Norwegian Air Shuttle/Scandinavian Airlines Bergen
76%
easyJet/Jet2.com Bristol
76%
Ryanair/Wizz Air Budapest
76%
Ryanair Kraków
76%
Aegean Airlines Rhodes
76%
Ryanair Wrocław
76%
Scandinavian Airlines Aalborg
72%
easyJet Basel/Mulhouse
72%
Ryanair Bologna
72%
Jet2.com/Ryanair Leeds/Bradford
72%
Jet2.com/Ryanair Newcastle upon Tyne
72%
Ryanair Sofia
72%
Ryanair Bergamo
69%
Sunclass Airlines Billund
69%
Smartwings Bratislava
69%
Sky Express Brno
69%
Ryanair Gdańsk
69%
Sunclass Airlines Malmö
69%
Eurowings Stuttgart
69%
Ryanair Hahn
66%
Condor Leipzig/Halle
66%
easyJet Nantes
66%
Jet2.com/Ryanair East Midlands
62%
Scandinavian Airlines Tromsø
62%
Scandinavian Airlines Bodø
59%
Ryanair Pisa
59%
Ryanair/Smartwings Poznań
59%
Scandinavian Airlines/Sunclass Airlines Trondheim
59%
Ryanair Bournemouth
55%
Ryanair Charleroi
55%
Ryanair Nuremberg
55%
Wizz Air Cluj-Napoca
52%
Ryanair Malta
52%
Ryanair Memmingen
52%
TUI fly Belgium Ostend/Bruges
52%
Scandinavian Airlines/Sunclass Airlines Stavanger
52%
Eurowings Graz
48%
Ryanair Paphos
48%
flylili/Ryanair Tel Aviv
45%
Ryanair Weeze
45%
Tus Airways Larnaca
41%
Scandinavian Airlines Kristiansand
38%
Smartwings Debrecen
31%
TUI fly Nordic Norrköping
31%
Scandinavian Airlines Haugesund
28%
Ryanair Treviso
28%
Braathens International Airways Östersund
14%
No matching quizzes found
Score Distribution
Percent of People with Each Score
Percentile by Number Answered
Your Score History
You have not taken this quiz since the last reset